[Event "HUN-chT2 Erkel 1718"]
[Site "Hungary"]
[Date "2018.01.28"]
[Round "7.9"]
[White "Teglas, Matyas"]
[Black "Horvath, Zoltan2222"]
[Result "1-0"]
[WhiteElo "1917"]
[BlackElo "1950"]
[PlyCount "79"]
[EventDate "2017.09.24"]
[EventType "team-tourn"]
[EventRounds "11"]
[EventCountry "HUN"]
[SourceTitle "EXT 2021"]
[Source "ChessBase"]
[SourceDate "2020.10.23"]
[SourceVersion "1"]
[SourceVersionDate "2020.10.23"]
[SourceQuality "1"]
[WhiteTeam "Szada GSBE"]
[BlackTeam "Gyongyos Energia"]
[WhiteTeamCountry "HUN"]
[BlackTeamCountry "HUN"]

1. d4 Nf6 2. Nf3 e6 3. e3 b6 4. Be2 Bb7 5. 0-0 Be7 6. b3 0-0 7. Bb2 d6 8. Nbd2 Ne4 9. Nxe4 Bxe4 10. Nd2 Bb7 11. Bf3 Bxf3 12. Qxf3 Nd7 13. Rfd1 f5 14. c4 g6 15. Rac1 Bf6 16. Ba1 e5 17. Qd5+ Kg7 18. dxe5 Bxe5 19. Nf3 Bxa1 20. Rxa1 Nc5 21. Nd4 a5 22. a3 Re8 23. b4 Re5 24. Qf3 Ne4 25. Nc6 Qf6 26. Nxe5 Qxe5 27. b5 Rf8 28. Rd4 g5 29. Rad1 Kg6 30. g4 Nf6 31. gxf5+ Qxf5 32. Qxf5+ Kxf5 33. Kg2 h5 34. h4 g4 35. Rf4+ Kg6 36. Rd5 Rh8 37. Rdf5 Rf8 38. Rg5+ Kh6 39. Rff5 Kh7 40. Rxh5+ 1-0

[Event "HUN-chT2 Erkel 1718"]
[Site "Hungary"]
[Date "2017.12.03"]
[Round "5.10"]
[White "Teglas, Matyas"]
[Black "Liptak, Tibor"]
[Result "1/2-1/2"]
[WhiteElo "1917"]
[BlackElo "1793"]
[PlyCount "42"]
[EventDate "2017.09.24"]
[EventType "team-tourn"]
[EventRounds "11"]
[EventCountry "HUN"]
[SourceTitle "EXT 2021"]
[Source "ChessBase"]
[SourceDate "2020.10.23"]
[SourceVersion "1"]
[SourceVersionDate "2020.10.23"]
[SourceQuality "1"]
[WhiteTeam "Szada GSBE"]
[BlackTeam "Pestszentlorinc"]
[WhiteTeamCountry "HUN"]
[BlackTeamCountry "HUN"]

1. d4 Nf6 2. Nf3 c5 3. c3 g6 4. Bf4 cxd4 5. cxd4 Bg7 6. e3 0-0 7. Be2 d6 8. h3 b6 9. Nc3 Bb7 10. 0-0 Na6 11. Rc1 Nb4 12. Qb3 Nbd5 13. Bh2 Qd7 14. Rc2 Nxc3 15. bxc3 Rac8 16. Nd2 Rc7 17. Bf3 Bxf3 18. Nxf3 Rfc8 19. Rfc1 Qf5 20. a4 Ne4 21. c4 Ng5 1/2-1/2

[Event "HUN-chT2 Erkel 1516"]
[Site "Hungary"]
[Date "2015.09.13"]
[Round "1.9"]
[White "Czajner, Gabor"]
[Black "Teglas, Matyas"]
[Result "0-1"]
[WhiteElo "1845"]
[BlackElo "1793"]
[PlyCount "62"]
[EventDate "2015.09.13"]
[EventType "team-tourn"]
[EventRounds "11"]
[EventCountry "HUN"]
[SourceTitle "CBM 170 Extra"]
[Source "ChessBase"]
[SourceDate "2016.02.25"]
[SourceVersion "1"]
[SourceVersionDate "2016.02.25"]
[SourceQuality "1"]
[WhiteTeam "Andornaktalya"]
[BlackTeam "GSBE"]
[WhiteTeamCountry "HUN"]
[BlackTeamCountry "HUN"]

1. d4 c6 2. Nf3 d5 3. Bf4 Nf6 4. c3 Bf5 5. e3 Nbd7 6. Bd3 Bxd3 7. Qxd3 e6 8. 0-0 Be7 9. Nbd2 0-0 10. Rfe1 c5 11. Qb5 Qb6 12. Qxb6 Nxb6 13. dxc5 Bxc5 14. Nb3 Be7 15. Nfd2 Nfd7 16. e4 Rac8 17. a4 dxe4 18. Nxe4 Nc4 19. Rad1 Ndb6 20. a5 Nd5 21. Bc1 Bd8 22. Nec5 Bxa5 23. Nxb7 Bb6 24. Nd2 Nxd2 25. Rxd2 Rc6 26. Re4 Rb8 27. c4 Nf6 28. Red4 Bxd4 29. Rxd4 h6 30. Nd6 Rd8 31. Bf4 Ne8 0-1

[Event "HUN-chT2 Erkel 1415"]
[Site "Hungary"]
[Date "2015.03.01"]
[Round "7.11"]
[White "Teglas, Matyas"]
[Black "Marton, Denes"]
[Result "1-0"]
[WhiteElo "1796"]
[BlackElo "1799"]
[PlyCount "63"]
[EventDate "2014.09.28"]
[EventType "team-tourn"]
[EventRounds "9"]
[EventCountry "HUN"]
[SourceTitle "EXT 2016"]
[Source "ChessBase"]
[SourceDate "2015.10.08"]
[SourceVersion "1"]
[SourceVersionDate "2015.10.08"]
[SourceQuality "1"]
[WhiteTeam "GBSE"]
[BlackTeam "BEAC"]
[WhiteTeamCountry "HUN"]
[BlackTeamCountry "HUN"]

1. d4 Nf6 2. Nf3 g6 3. Bf4 Bg7 4. e3 0-0 5. h3 d6 6. Bc4 Nbd7 7. Nbd2 d5 8. Bd3 c5 9. c3 cxd4 10. cxd4 e6 11. Rc1 Nh5 12. Bc7 Qe7 13. 0-0 f5 14. a3 Ndf6 15. Ba5 Re8 16. Rc7 Qd6 17. Qc2 Ne4 18. Bb5 Rd8 19. Bb4 Qb6 20. Be7 Qxb5 21. Bxd8 Bd7 22. Bh4 Bc6 23. Nxe4 fxe4 24. Ne5 Bxe5 25. dxe5 Ng7 26. g4 h6 27. Bf6 Ne8 28. Re7 Bd7 29. f3 Rc8 30. Qf2 Rc4 31. fxe4 Rxe4 32. Bg7 1-0

[Event "HUN-chT2 Erkel 1415"]
[Site "Hungary"]
[Date "2014.12.14"]
[Round "6.11"]
[White "Toth Katona, Tamas"]
[Black "Teglas, Matyas"]
[Result "1/2-1/2"]
[WhiteElo "2038"]
[BlackElo "1796"]
[PlyCount "90"]
[EventDate "2014.09.28"]
[EventType "team-tourn"]
[EventRounds "9"]
[EventCountry "HUN"]
[SourceTitle "EXT 2016"]
[Source "ChessBase"]
[SourceDate "2015.10.08"]
[SourceVersion "1"]
[SourceVersionDate "2015.10.08"]
[SourceQuality "1"]
[WhiteTeam "Budapest MTK"]
[BlackTeam "GBSE"]
[WhiteTeamCountry "HUN"]
[BlackTeamCountry "HUN"]

1. e4 c6 2. d4 d5 3. Nd2 dxe4 4. Nxe4 Nf6 5. Nxf6+ exf6 6. Nf3 Bd6 7. Bd3 0-0 8. 0-0 Be6 9. Be3 Nd7 10. c4 c5 11. Qc2 g6 12. d5 Bg4 13. Be2 Re8 14. h3 Bf5 15. Qd2 Ne5 16. Rfe1 Qc7 17. Nh4 Bc8 18. f4 Nd7 19. Bd3 Nf8 20. Nf3 Bd7 21. Nh2 Rxe3 22. Rxe3 Bxf4 23. Ng4 Bxg4 24. hxg4 Re8 25. Rae1 Bxe3+ 26. Rxe3 Rxe3 27. Qxe3 b6 28. b3 Qe5 29. Qf3 Nd7 30. Bf1 Kg7 31. Qh3 Qd4+ 32. Kh2 Qf4+ 33. Kg1 Ne5 34. Be2 Qe4 35. Kf2 Qc2 36. Qg3 g5 37. a3 Qe4 38. Qe3 Nxg4+ 39. Bxg4 Qxg4 40. d6 Qf5+ 41. Kg1 Qb1+ 42. Kh2 Qd1 43. Qe7 Qh5+ 44. Kg1 Qd1+ 45. Kh2 Qh5+ 1/2-1/2

[Event "HUN-chT2 Erkel 1314"]
[Site "Hungary"]
[Date "2014.02.02"]
[Round "6.11"]
[White "Teglas, Matyas"]
[Black "Szalay, Tibor"]
[Result "1/2-1/2"]
[WhiteElo "1650"]
[BlackElo "1757"]
[PlyCount "73"]
[EventDate "2013.09.08"]
[EventType "team-tourn"]
[EventRounds "11"]
[EventCountry "HUN"]
[SourceTitle "EXT 2016"]
[Source "ChessBase"]
[SourceDate "2015.10.08"]
[SourceVersion "1"]
[SourceVersionDate "2015.10.08"]
[SourceQuality "1"]
[WhiteTeam "Szada GSBE"]
[BlackTeam "Budapest EAC II"]
[WhiteTeamCountry "HUN"]
[BlackTeamCountry "HUN"]

1. d4 Nf6 2. Nf3 g6 3. Bf4 Bg7 4. Nbd2 0-0 5. e4 d6 6. Be2 c5 7. c3 cxd4 8. cxd4 Nc6 9. Qb3 Nh5 10. Be3 e5 11. dxe5 dxe5 12. Rd1 Nf4 13. Bxf4 exf4 14. 0-0 Qe7 15. Rfe1 Be6 16. Nc4 Na5 17. Qa4 Nxc4 18. Bxc4 Bxb2 19. Bxe6 Qxe6 20. Rb1 Bc3 21. Rec1 b5 22. Rxb5 Rfc8 23. h3 Rc4 24. Qb3 Rac8 25. Rb7 Bd4 26. Rxc4 Rxc4 27. Rb8+ Kg7 28. Nxd4 Rxd4 29. Qb2 Qd6 30. a3 Kh6 31. Rb7 Rd1+ 32. Kh2 f3+ 33. e5 fxg2 34. Kxg2 Qd5+ 35. Kg3 Rg1+ 36. Kf4 g5+ 37. Ke3 1/2-1/2